000 00213 a2200097 4500
001 14114
100 _aHugher S
245 _aThe art of coarse language
260 _aLondon
_bHutchinson
_c
090 _c11059
_d11059
942 _aNUST-CAE
_cM
_c1180
999 _c249187
_d249187